000 00383nam a22001577a 4500
003 OSt
005 20240115165159.0
008 240115b |||||||| |||| 00| 0 eng d
020 _a9781032644882
040 _cIIMT UNIVERSITY
100 _aAUGSBURGER.L.LARRY
245 _aPHARMACEUTICAL DOSAGE FORMS;TABLETS
260 _aCRC
_bCRC PRESS
_c2024
300 _a311
942 _2ddc
_c01
999 _c58010
_d58010